| 000 | 01631nam0a2200337 4500 | ||
|---|---|---|---|
| 001 | RU\NLR\bibl\1107412 | ||
| 005 | 20260407143702.0 | ||
| 010 |
_a978-5-8130-0119-2 _9500 |
||
| 021 |
_aRU _b2007-37417 _91997 |
||
| 035 | _a(NLR Aleph) 001094469 | ||
| 090 |
_a1139019 _c1139019 |
||
| 100 | _a20070710d2007 |||y0rusy50 ca | ||
| 101 | 0 | _arus | |
| 102 | _aRU | ||
| 105 | _aa ||||||||| | ||
| 200 | 1 |
_aГородской барометр: система мониторинга социально-экономического развития муниципальных образований _f[Зайцева Ю.С.] _gФонд "Ин-т экономики города" |
|
| 210 |
_aМосква _cИнститут экономики города _d2007 |
||
| 215 |
_a103 с. _cил. _d30 |
||
| 225 | 1 | _aМуниципальное экономическое развитие | |
| 300 | _aАвт. указан на обороте тит.л. | ||
| 320 | _aБиблиогр.: с. 76 (17 назв.) | ||
| 606 | 1 |
_aМуниципальные образования _xСоциально-экономическое развитие _xИндикаторы _92283151 _3RU\NLR\auth\661367786 |
|
| 686 | _aУ051.9(2)-952(2Р) | ||
| 700 | 1 |
_4070 _7ca _8rus _aЗайцева _bЮ. С. _cканд. экон. наук _gЮлия Сергеевна _939437 _3RU\NLR\auth\7756505 |
|
| 712 | 0 | 2 |
_4570 _a"Институт экономики города", фонд _cМосква _9530104 _3RU\NLR\AUTH\8810016130 |
| 801 | 0 |
_aRU _bNLR _c20070710 _gRCR |
|
| 801 | 1 |
_aRU _bNLR _c20070710 |
|
| 830 | _aАвт. по кн | ||
| 942 | _cBOOK | ||
| 980 | _aNB | ||